Territory Flags - Statistics

General Stats
  • This quiz has been taken 82 times
    75 since last reset
  • The average score is 65 of 148
Answer Stats
Picture Answer % Correct
Puerto Rico
87%
Isle of Man
77%
Anguilla
74%
Kashmir
74%
Aruba
71%
Christmas Island
71%
American Samoa
68%
Azores
68%
Gibraltar
68%
Greenland
68%
Guam
68%
Hong Kong
68%
Niue
68%
Tokelau
68%
British Indian Ocean Territory
65%
Cook Islands
65%
Faroe Islands
65%
Jersey
65%
Macau
65%
Mayotte
65%
Palestine
65%
Transnistria
65%
Wallis and Futuna
65%
Bermuda
61%
Canary Islands
61%
Falkland Islands
61%
French Guiana
61%
French Polynesia
61%
New Caledonia
61%
Norfolk Island
61%
Northern Mariana Islands
61%
Wake Island
61%
Western Sahara
61%
Abkhazia
58%
Åland Islands
58%
Bonaire
58%
Cocos Islands
58%
Corsica
58%
Crimea
58%
Guernsey
58%
Northern Cyprus
58%
Northern Ireland
58%
Somaliland
58%
Antarctica
55%
Ceuta
55%
Flanders
55%
Johnston Atoll
55%
Kurdistan
55%
Martinique
55%
Reunion
55%
Sardinia
55%
Sicily
55%
South Ossetia
55%
Tibet
55%
Turks and Caicos Islands
55%
Bougainville
52%
Curacao
52%
Friesland
52%
Madeira
52%
Saint Pierre and Miquelon
52%
Wallonia
52%
Basque Country
48%
British Virgin Islands
48%
Cayman Islands
48%
Kaliningrad
48%
Montserrat
48%
Pitcairn Islands
48%
Saba
48%
Sint Maarten
48%
Tristan da Cunha
48%
Bavaria
45%
British Antarctic Territory
45%
Catalonia
45%
Chechnya
45%
Darfur
45%
French Southern and Antarctic Lands
45%
Saint Helena
45%
Sint Eustatius
45%
South Georgia and the South Sandwich Islands
45%
Zanzibar
45%
Alderney
42%
Juan Fernandez Islands
42%
Luhansk
42%
Prince Edward Island
42%
Saint Barthelemy
42%
West Papua
42%
Bali
39%
District of Columbia
39%
Donetsk
39%
Mallorca
39%
Melilla
39%
Rapa Nui
39%
Sapmi
39%
East Turkestan
35%
Virgin Islands
35%
Adjara
32%
Ambazonia
32%
Ascension Island
32%
Dagestan
32%
Galapagos Islands
32%
Lord Howe Island
32%
Menorca
32%
Alsace
29%
Anjouan
29%
Chuuk State
29%
Grande Comore
29%
Ibiza
29%
Orkney Islands
29%
Puntland
29%
Western Togoland
29%
Aceh
26%
Barbuda
26%
Buganda
26%
Gagauzia
26%
Guadeloupe
26%
Karakalpakstan
26%
Labuan
26%
La Gomera
26%
Midway Atoll
26%
Moheli
26%
Palmyra Atoll
26%
South Tyrol
26%
Tenerife
26%
Campione d'Italia
23%
El Hierro
23%
Haida
23%
Mon State
23%
Northern Territory
23%
Principe
23%
Rodrigues
23%
Rojava
23%
Yogyakarta
23%
Bangsamoro
19%
Formentera
19%
Fuerteventura
19%
Gran Canaria
19%
Pine Ridge
19%
Sark Island
19%
Tamil Elam
19%
Tlicho Nation
19%
Cabinda
16%
Gilgit-Baltistan
16%
Northwest Territories
16%
Nunatsiavut
16%
Tatarstan
16%
Helgoland
10%
North Caribbean Region
3%
South Caribbean Region
3%
No matching quizzes found
Score Distribution
Percent of People with Each Score
Percentile by Number Answered
Your Score History
You have not taken this quiz since the last reset